Makroekonomická rovnováha a nerovnováha teoretické a praktické problémy
Guardado en:
| Autor principal: | |
|---|---|
| Otros Autores: | , , , |
| Formato: | Libro |
| Lenguaje: | eslovaco |
| Publicado: |
Bratislava
Iura Edition
2013
|
| Edición: | 1. vyd. |
| Colección: | Ekonómia
460 |
| Materias: | |
| Etiquetas: |
Sin Etiquetas, Sea el primero en etiquetar este registro!
|
MARC
| LEADER | 00000nam a2200000 4500 | ||
|---|---|---|---|
| 001 | 0168705 | ||
| 005 | 20240314075934.9 | ||
| 020 | |a 978-80-8078-588-8 | ||
| 041 | 0 | |a slo | |
| 044 | |a SK | ||
| 245 | 1 | 0 | |a Makroekonomická rovnováha a nerovnováha |b teoretické a praktické problémy |c Ján Lisý a kolektív ; lektorovali: Menbere Workie Tiruneh, Martin Lábaj |
| 250 | |a 1. vyd. | ||
| 264 | 1 | |a Bratislava |b Iura Edition |c 2013 | |
| 300 | |a 207 s. [10,84 AH] | ||
| 490 | 1 | |a Ekonómia |v 460 | |
| 830 | 0 | |a Ekonómia |v 460 | |
| 500 | |a Štatistickú dokumentáciu k textu monografie spracovali, doplnili a aktualizovali doktorandky Ing. Zdenka Poláková, Ing. Martina Záhumenská a Ing. Ľubica Slušná | ||
| 610 | 2 | 0 | |a rovnováha hospodárska |
| 610 | 2 | 0 | |a nerovnováha hospodárska |
| 610 | 2 | 0 | |a teória nerovnováhy ekonomickej |
| 610 | 2 | 0 | |a teória rovnováhy ekonomickej |
| 610 | 2 | 0 | |a výkonnosť ekonomiky |
| 610 | 2 | 0 | |a meranie výkonnosti |
| 610 | 2 | 0 | |a produkt domáci hrubý |
| 610 | 2 | 0 | |a produkt domáci čistý |
| 610 | 2 | 0 | |a produkt národný hrubý |
| 610 | 2 | 0 | |a produkt národný čistý |
| 610 | 2 | 0 | |a hodnota pridaná |
| 610 | 2 | 0 | |a medziprodukty |
| 610 | 2 | 0 | |a spotreba |
| 610 | 2 | 0 | |a úspory |
| 610 | 2 | 0 | |a investície |
| 610 | 2 | 0 | |a funkcie spotrebné |
| 610 | 2 | 0 | |a keynesizmus |
| 610 | 2 | 0 | |a multiplikátor |
| 610 | 2 | 0 | |a dynamika ekonomiky |
| 610 | 2 | 0 | |a dopyt agregátny |
| 610 | 2 | 0 | |a modely |
| 610 | 2 | 0 | |a rovnováha trhová |
| 610 | 2 | 0 | |a ponuka agregátna |
| 610 | 2 | 0 | |a modely dopytu |
| 610 | 2 | 0 | |a modely ponuky |
| 610 | 2 | 0 | |a modely rovnováhy |
| 610 | 2 | 0 | |a politika fiškálna |
| 610 | 2 | 0 | |a politika menová |
| 100 | 1 | |a Dujava, Daniel | |
| 700 | 1 | |a Lisý, Ján | |
| 700 | 1 | |a Přívarová, Magdaléna, 1955- | |
| 700 | 1 | |a Workie Tiruneh, Menbere | |
| 700 | 1 | |a Lábaj, Martin, 1982- | |